000 01060cam a2200325 4500
001 73629
003 BD-RjUL
005 20211209082424.0
008 19 s1973 enkb b 000 0 eng
020 _a0714628778
035 _a(BD-RjUL)73847
040 _aDLC
_cDLC
_dDLC
_beng
041 _aeng
043 _af-mr---
_ae-fr---
082 0 0 _a325.3440964
_223
_bBIM 1973
100 1 _aBidwell, Robin Leonard.
_9228371
245 1 0 _aMorocco under colonial rule: French administration of tribal areas 1912-1956. /
_cRobin Leonard Bidwell,
260 _aLondon,
_bCass,
_c1973.
300 _axv, 349 p., fold. leaf. :
_b ill. maps.;
_c23 cm.
350 _a£7.50
500 _aIncludes index.
504 _aBibliography: p. 329-330.
651 0 _aMorocco
_xPolitics and government.
_9228372
856 4 2 _3Publisher description
_uhttp://www.loc.gov/catdir/enhancements/fy0652/73166661-d.html
906 _a7
_bcbc
_corignew
_d3
_encip
_f19
_gy-gencatlg
942 _2ddc
_cBK
999 _c73629
_d73629